000
00247nam a2200109Ia 4500
008
190216s9999||||xx |||||||||||||| ||und||
100
_a
Markan Dev
245
0
_a
Hindi-Kahani Kunj
260
_b
Lokh Bharathi Bakson
650
_a
Hindi
942
_c
BK
999
_c
15531
_d
15531